Newest Countries - Statistics

General Stats
  • This quiz has been taken 39 times
    12 since last reset
  • The average score is 8 of 56
Answer Stats
Country Previously part of Year of Independence Answer % Correct
Sudan 2011 South Sudan
100%
Czechoslovakia 1993 Czech Republic
88%
Serbia 2008 Kosovo
88%
Czechoslovakia 1992 Slovakia
88%
Ethiopia 1993 Eritrea
75%
Social Federal Republic of Yugoslavia 1992 Bosnia and Herzegovina
63%
Serbia & Montenegro 2006 Montenegro
63%
Yugoslavia 1991 Republic of Macedonia
38%
Soviet Union 1991 Armenia
25%
Soviet Union 1991 Azerbaijan
25%
Social Federal Republic of Yugoslavia 1991 Croatia
25%
Soviet Union 1991 Estonia
25%
Soviet Union 1991 Georgia
25%
Yugoslavia 1990 Slovenia
25%
Portugal 2002 East Timor
13%
Soviet Union 1991 Kazakhstan
13%
Union of Soviet Socialist Republics 1991 Kyrgyzstan
13%
Soviet Union 1991 Moldova
13%
South Africa 1990 Namibia
13%
Australia 1975 Papua New Guinea
13%
Soviet Union 1991 Tajikistan
13%
Portugal 1975 Angola
0%
United Kingdom 1981 Antigua & Barbuda
0%
United Kingdom 1973 Bahamas
0%
United Kingdom 1971 Bahrain
0%
Pakistan 1971 Bangladesh
0%
United Kingdom 1981 Belize
0%
United Kingdom 1984 Brunei
0%
Portugal 1975 Cape Verde
0%
France 1975 Comoros
0%
France 1977 Djibouti
0%
United Kingdom 1978 Dominica
0%
United Kingdom 1970 Fiji
0%
United Kingdom 1974 Grenada
0%
Portugal 1973 Guinea-Bissau
0%
United Kingdom 1979 Kiribati
0%
Soviet Union 1990 Latvia
0%
Soviet Union 1990 Lithuania
0%
Portugal 1975 Mozambique
0%
United States 1979 Palau
0%
United Kingdom 1971 Qatar
0%
United Kingdom 1983 Saint Kitts & Nevis
0%
United Kingdom 1979 Saint Lucia
0%
United Kingdom 1979 Saint Vincent & the Grenadines
0%
Portugal 1975 Sao Tome & Principe
0%
United Kingdom 1976 Seychelles
0%
United Kingdom 1978 Solomon Islands
0%
Netherlands 1975 Suriname
0%
United Kingdom 1970 Tonga
0%
Soviet Union 1991 Turkmenistan
0%
United Kingdom 1978 Tuvalu
0%
Soviet Union 1991 Ukraine
0%
United Kingdom 1971 United Arab Emirates
0%
Union of Soviet Socialist Republics 1991 Uzbekistan
0%
United Kingdom & France 1980 Vanuatu
0%
United Kingdom 1980 Zimbabwe
0%
No matching quizzes found
Score Distribution
Percent of People with Each Score
Percentile by Number Answered
Your Score History
You have not taken this quiz since the last reset